Ingeniería genética /
Guardado en:
| Formato: | |
|---|---|
| Series: | Todo ciencia
|
| Materias: | |
| Etiquetas: |
Agregar Etiqueta
Sin Etiquetas, Sea el primero en etiquetar este registro!
|
| LEADER | 01003ngm a22002655g 4500 | ||
|---|---|---|---|
| 001 | CEM.cems021975 | ||
| 008 | 130507b1993##################0###0#####d | ||
| 005 | 20240924135804.0 | ||
| 245 | 0 | 0 | |a Ingeniería genética / |
| 300 | |a 26'. | ||
| 490 | 0 | |a Todo ciencia | |
| 500 | |a En soporte VHS, consultar en ventanilla. | ||
| 505 | 0 | |a Las moléculas de ADN: composición. Nucleótidos. Cómo se forman los tejidos. La selección natural. Genética de las plantas y animales. Técnicas para colocar genes. Mejoramiento de productos alimenticios. Fecundación "in vitro". | |
| 538 | |a Soporte: VHS - Norma: Pal N - Color - Grabación DRD 1993 - Hitachi=3294 | ||
| 082 | 6 | 1 | |. 8/CUE |
| 653 | |a BIOLOGIA | ||
| 653 | |a GENETICA | ||
| 653 | |a INGENIERIA GENETICA | ||
| 653 | |a FECUNDACION IN VITRO | ||
| 653 | |a ADN | ||
| 653 | |a BIOLOGIA ANIMAL | ||
| 653 | |a NUCLEOTIDOS | ||
| 653 | |a NIVEL PRIMARIO | ||
| 653 | |a NIVEL SECUNDARIO | ||
| 859 | |a CEMS |b BIB. CEMS - Depto. Recursos Didacticos |h 611.8 |i CUE |k DRD |p 618.12 |t Ej.1 | ||
